Elektronická správa dat a dokumentů

Digitalizácia vytláča klasickú korešpondenciu a tradičné riešenia v oblasti správy dokumentov. Nové formy elektronickej správy a obehu dokumentov. Základy budovania systému elektronickej správy a obehu dokumentov. Efektívna správa informácií. Ochrana informácií. Voľba vhodného systému pre podporu r...

Ausführliche Beschreibung

Gespeichert in:
Bibliographische Detailangaben
1. Verfasser: Mádl, Václav
Format: Buchkapitel
Sprache:Tschechisch
Schlagworte:
Tags: Tag hinzufügen
Keine Tags, Fügen Sie das erste Tag hinzu!

MARC

LEADER 00000naa$a2200000$$$4500
001 0025108
005 20231010083941.6
041 0 |a cze 
044 |a CZ 
245 1 0 |a Elektronická správa dat a dokumentů  |c Václav Mádl 
520 |a Digitalizácia vytláča klasickú korešpondenciu a tradičné riešenia v oblasti správy dokumentov. Nové formy elektronickej správy a obehu dokumentov. Základy budovania systému elektronickej správy a obehu dokumentov. Efektívna správa informácií. Ochrana informácií. Voľba vhodného systému pre podporu riadenia dokumentov. Finis - špecializované riešenia pre banky. 
610 2 0 |a banky 
610 2 0 |a dokumentácia 
610 2 0 |a dokumenty 
610 2 0 |a dokumenty elektronické 
610 2 0 |a technológie informačné 
610 2 0 |a ochrana informácií 
610 2 0 |a systémy informačné 
100 1 |a Mádl, Václav